Movies Quiz

Random Movies or Clickable Quiz

Nicolas Cage Movie Year Match Quiz Stats

 Plays Quiz not verified by Sporcle

Support Sporcle.
Go Orange.
Score 0/10 Timer 02:00
0 Plays Today
% Correct
Con Air
81.6%
Kick-Ass
79.5%
National Treasure
78.9%
Raising Arizona
76.3%
Ghost Rider
71.1%
Leaving Las Vegas
69.5%
Snowden
62.6%
It Could Happen to You
52.6%
Captain Corelli's Mandolin
51.6%
Between Worlds
51.1%

You're not logged in!

Compare scores with friends on all Sporcle quizzes.
OR
Log In

From the Vault

Flags of the World Venn Diagram

by awesomeness365

The next newly independent nation should make their flag look like this.
Remove Ads.
Support Sporcle.
Get the best of Sporcle when you Go Orange. This ad-free experience offers more features, more stats, and more fun while also helping to support Sporcle. Thank you for becoming a member.

Show Comments

Extras

Top Quizzes Today


Score Distribution

Your Account Isn't Verified!

In order to create a playlist on Sporcle, you need to verify the email address you used during registration. Go to your Sporcle Settings to finish the process.

Report this User

Report this user for behavior that violates our Community Guidelines.

Details: